Normal view
MARC view
Entry Personal Name
001 - CONTROL NUMBER
- control field: 5001
003 - CONTROL NUMBER IDENTIFIER
- control field: BD-RjUL
005 - DATE AND TIME OF LATEST TRANSACTION
- control field: 20220926114537.0
008 - FIXED-LENGTH DATA ELEMENTS
- fixed length control field: 220926|| aca||aabn | a|a d
040 ## - CATALOGING SOURCE
- Original cataloging agency: BD-RjUL
- Transcribing agency: BD-RjUL
100 ## - HEADING--PERSONAL NAME
- Personal name: Mackay, Alan L.
- Fuller form of name: (Alan Lindsay),
- Dates associated with a name: 1926-
670 ## - SOURCE DATA FOUND
- Source citation: Work cat.: (BD-RjUL)80433: Goldsmith, Maurice. 5000, The science of science /, 1966.